Capital e interés : (Registro nro. 7909)

Detalles MARC
000 -LEADER
fixed length control field 01201nam a2200265Ia 4500
003 - CONTROL NUMBER IDENTIFIER
control field OSt
005 - DATE AND TIME OF LATEST TRANSACTION
control field 20210603104931.0
008 - FIXED-LENGTH DATA ELEMENTS--GENERAL INFORMATION
fixed length control field 210310s1947 mx gr 001 0 spa d
040 ## - CATALOGING SOURCE
Original cataloging agency CO-JMCR
Transcribing agency CO-JMCR
041 1# - LANGUAGE CODE
Language code of text/sound track or separate title spa
Language code of original ger
082 04 - DEWEY DECIMAL CLASSIFICATION NUMBER
Classification number 332.82 /
Item number B676c
Edition number 23
100 1# - MAIN ENTRY--PERSONAL NAME
Personal name Bohm-Bawerk, Eugen Von,
9 (RLIN) 15792
Relator term autor
245 10 - TITLE STATEMENT
Title Capital e interés :
Remainder of title historia y crítica de las teorías sobre el interés /
Statement of responsibility, etc. Eugen Von Bohm-Bawerk ; versión directa por Carlos Silva
250 ## - EDITION STATEMENT
Edition statement Primera edición
260 ## - PUBLICATION, DISTRIBUTION, ETC.
Place of publication, distribution, etc. México :
Name of publisher, distributor, etc. Fondo de Cultura Económica,
Date of publication, distribution, etc. 1947
300 ## - PHYSICAL DESCRIPTION
Extent 629 páginas ;
Dimensions 23 cm.
490 0# - SERIES STATEMENT
Series statement Sección de obras de economía. Las obras maestras.
500 ## - GENERAL NOTE
General note Incluye notas a pie de página e índice de autores.
505 0# - FORMATTED CONTENTS NOTE
Formatted contents note La trayectoria del problema -- Las teorías de la productividad -- Las teorías del uso -- La teoría de la abstinencia -- Las teorías del trabajo -- John Rae -- Teorías de la explotación -- Otros sistemas -- Las doctrinas sobre el interés en la literatura actual
546 ## - LANGUAGE NOTE
Language note Traducido del alemán.
650 14 - SUBJECT ADDED ENTRY--TOPICAL TERM
Topical term or geographic name entry element Capitalismo
9 (RLIN) 15794
650 24 - SUBJECT ADDED ENTRY--TOPICAL TERM
Topical term or geographic name entry element Interés y usura
9 (RLIN) 38065
700 1# - ADDED ENTRY--PERSONAL NAME
Personal name Silva, Carlos,
Relator term traductor
9 (RLIN) 38066
942 ## - ADDED ENTRY ELEMENTS (KOHA)
Source of classification or shelving scheme Dewey Decimal Classification
Koha item type Books
Existencias
Withdrawn status Lost status Source of classification or shelving scheme Damaged status Not for loan Collection code Home library Current library Date acquired Source of acquisition Full call number Barcode Date last seen Copy number Koha item type
    Dewey Decimal Classification     Non-fiction Biblioteca Pública José María del Castillo y Rada Biblioteca Pública José María del Castillo y Rada 04/15/2018 Donación 332.82 / B676c 430003363 05/16/2024 Ej.1 Books